00487nam a2200193Ia 4500003000400000005001700004008004100021020001500062040000700077041000800084082002100092100002500113245004400138260003900182300001200221365001300233650003100246650001600277OSt20230602082118.0210423s2005 xx 000 0 und d a818192035X cAL aeng a361.3 223bIQBP aIQBAL (Shaikh Azhar) aPrinciples and practices of social work aJaipurbSublime Publicationsc2005 a248bHB b625cINR aSocial Problems & Services aSocial Work